00611cam a22002051 4500001001300000003000400013005001700017008004100034010001700075035002000092040001800112042001200130050002000142100002100162245006600183260007300249300003200322650003600354999001500390agr29000154 DLC20260227110948.0880829s1927 xx a 000 0 dut  aagr29000154  a(OCoLC)23431190 aDLCcMiUdDLC apremarc00aHD9116.D95bJ471 aTichelaar, J. J.03aDe Java-suikerindustrie en hare beteekenis voor land en volk, a[Soerabaia,bN. V. Boekhandel en drukkerij v/h H. van Ingenc[1927?] axii, 212 p.billus.c25 cm. 0aSugarxManufacture and refining c9240d9240